| 000 | 00684nam a2200169 i 4500 | ||
|---|---|---|---|
| 001 | 104760 | ||
| 003 | ES-MaACL | ||
| 005 | 20230906183700.0 | ||
| 007 | t| | ||
| 008 | 051212s1947 sp ||||1| spa d | ||
| 100 | 1 |
_aMiralles de Imperial y Gómez, Claudio. _981499 |
|
| 245 | 1 | 0 |
_aAprovisionamiento de pescado de las costas catalana y valenciana y de la ribera del Ebro, para la casa y despensa de Carlos I. / _cClaudio Miralles de Imperial y Gómez. |
| 260 |
_aBarcelona : _b[s.n.], _c1947. |
||
| 300 |
_a2 p. ; _c24 cm. |
||
| 500 | _aPublicado en el Boletin de la Real Academia de Buenas Letras de Barcelona. XX.- 1947. pág. 197-200. | ||
| 852 |
_aES-MaACL _j1885-F-12 _bR.25978 |
||
| 999 |
_c104760 _d104760 |
||